| 000 | 00714nam a22001937a 4500 | ||
|---|---|---|---|
| 005 | 20251108172419.0 | ||
| 008 | 250721s2003 xx 000 0 ara d | ||
| 082 | 1 | 4 | _a327.973/لور |
| 100 | 1 | _aلوران، أربك | |
| 245 | 1 | 0 |
_aحرب آل بوش : أسرار النزاع التي لا يمكن الإعتراف بها : _bأسرار النزاع التي لا يمكن الإعتراف فيها / |
| 264 | 1 |
_aبيروت : _bدار الخيال، _c2003. |
|
| 300 | _a230ص | ||
| 650 | 1 | 7 | _aالسياسة الدولية |
| 650 | 1 | 7 | _aالعلاقات الدولية |
| 650 | 1 | 7 | _aالبلدان العربية |
| 700 | 1 |
_aحرفوش، سلمان _eترجمة |
|
| 942 |
_2ddc _cBK |
||
| 999 |
_c78674 _d78674 |
||